Demografický vývoj na Slovensku v roku 1998
Vývoj obyvateľstva v SR v roku 1998 a porovnanie s predchádzajúcimi rokmi. Zmeny v zložení obyvateľstva podľa veku a rodinného stavu. Uzavreté manželstvá a rozvody. Narodenia a potraty. Úmrtnosť a príčiny smrti. Migrácia, prírastky a počet obyvateľov. Porovnanie populačného vývoja s výsledkami proje...
Salvato in:
| Autore principale: | |
|---|---|
| Altri autori: | |
| Natura: | Capitolo di libro |
| Lingua: | slovacco |
| Soggetti: | |
| Tags: |
Nessun Tag, puoi essere il primo ad aggiungerne!!
|
MARC
| LEADER | 00000naa a2200000 4500 | ||
|---|---|---|---|
| 001 | r039352 | ||
| 005 | 20230918120529.7 | ||
| 041 | 0 | |a slo | |
| 044 | |a CZ | ||
| 245 | 1 | 0 | |a Demografický vývoj na Slovensku v roku 1998 |c Michal Tirpák, Viera Pilinská |
| 520 | |a Vývoj obyvateľstva v SR v roku 1998 a porovnanie s predchádzajúcimi rokmi. Zmeny v zložení obyvateľstva podľa veku a rodinného stavu. Uzavreté manželstvá a rozvody. Narodenia a potraty. Úmrtnosť a príčiny smrti. Migrácia, prírastky a počet obyvateľov. Porovnanie populačného vývoja s výsledkami projekcie obyvateľstva za rok 1998 s výhľadom do roku 2005. | ||
| 610 | 2 | 0 | |a demografia |
| 610 | 2 | 0 | |a vývoj populačný |
| 610 | 2 | 0 | |a obyvateľstvo |
| 610 | 2 | 0 | |a reprodukcia obyvateľstva |
| 610 | 2 | 0 | |a manželstvo |
| 610 | 2 | 0 | |a pôrodnosť |
| 610 | 2 | 0 | |a úmrtnosť |
| 610 | 2 | 0 | |a migrácia |
| 610 | 2 | 0 | |a prírastok obyvateľstva |
| 610 | 2 | 0 | |a prognózy demografické |
| 610 | 2 | 0 | |a Slovensko |
| 610 | 2 | 0 | |a 1998 |
| 100 | 1 | |a Tirpák, Michal | |
| 700 | 1 | |a Pilinská, Viera | |